Cycles in a cycle: Investment expenditures and their composition during the political budgetary cycle (Record no. 521905)

000 -LEADER
fixed length control field 01309nam a22001577a 4500
008 - FIXED-LENGTH DATA ELEMENTS--GENERAL INFORMATION
fixed length control field 230302b ||||| |||| 00| 0 eng d
100 ## - MAIN ENTRY--PERSONAL NAME
Personal name Olejnik, Tukasz Wiktor
245 ## - TITLE STATEMENT
Title Cycles in a cycle: Investment expenditures and their composition during the political budgetary cycle
260 ## - PUBLICATION, DISTRIBUTION, ETC. (IMPRINT)
Place of publication, distribution, etc Local Government Studies
300 ## - PHYSICAL DESCRIPTION
Extent 48(3), Jun, 2022: p.482-513
520 ## - SUMMARY, ETC.
Summary, etc Previous studies on the Political Budgetary Cycle have used fiscal variables on high levels of aggregation, including, among others, investment expenditure aggregates or capital expenditure aggregates. This article demonstrates the existence of a Political Budgetary Cycle in investment expenditures among Polish local governments, and analyses the composition of investment expenditures during the cycle. Due to the varying visibility of investment expenditures, their composition is also subject to fluctuations. Before elections, there is an increase in investments in culture, tourism and transport infrastructure, and a drop in investments in public safety, education, environmental protection, sports and counteracting social exclusion. – Reproduced
650 ## - SUBJECT ADDED ENTRY--TOPICAL TERM
Topical term or geographic name as entry element Local political budgetary cycle, Investment composition.
9 (RLIN) 36280
773 ## - HOST ITEM ENTRY
Main entry heading Local Government Studies
906 ## - LOCAL DATA ELEMENT F, LDF (RLIN)
Subject DIP PUBLIC FINANCE
942 ## - ADDED ENTRY ELEMENTS (KOHA)
Item type Articles
Holdings
Withdrawn status Lost status Source of classification or shelving scheme Damaged status Not for loan Permanent location Current location Date acquired Serial Enumeration / chronology Barcode Date last seen Koha item type
          Indian Institute of Public Administration Indian Institute of Public Administration 2023-03-02 48(3), Jun, 2022: p.482-513 AR128170 2023-03-02 Articles

Powered by Koha